[Event "April 9 Early 2024"]
[Site "Chess.com"]
[Date "2024.04.09"]
[Round "9"]
[White "Rogov, Matfey"]
[Black "Filgueira, Hernan"]
[Result "1-0"]
[Board "84"]
[WhiteFideId "44191308"]
[BlackFideId "101770"]
[WhiteTitle "CM"]
[BlackTitle "IM"]
[WhiteElo "2635"]
[BlackElo "2521"]
[WhiteTeam "RUS"]
[BlackTeam "ARG"]
[WhiteClock "0:00:04"]
[BlackClock "0:00:32"]
[Variant "Standard"]

1. e4 {[%clk 0:03:00]}  c5 {[%clk 0:02:59]} 2. a3 {[%clk 0:02:59]}  Nc6 {[%clk 0:02:57]} 3. b4 {[%clk 0:02:56]}  e5 {[%clk 0:02:57]} 4. b5 {[%clk 0:02:53]}  Nd4 {[%clk 0:02:56]} 5. c3 {[%clk 0:02:52]}  Ne6 {[%clk 0:02:56]} 6. Nf3 {[%clk 0:02:53]}  Nf6 {[%clk 0:02:52]} 7. d4 {[%clk 0:02:47]}  cxd4 {[%clk 0:02:49]} 8. cxd4 {[%clk 0:02:44]}  Nxe4 {[%clk 0:02:27]} 9. d5 {[%clk 0:02:42]}  N6c5 {[%clk 0:02:21]} 10. Bd3 {[%clk 0:02:07]}  d6 {[%clk 0:02:17]} 11. Bxe4 {[%clk 0:02:03]}  Nxe4 {[%clk 0:02:16]} 12. b6 {[%clk 0:01:55]}  Nc5 {[%clk 0:02:06]} 13. bxa7 {[%clk 0:01:52]}  Qa5+ {[%clk 0:02:00]} 14. Nbd2 {[%clk 0:01:20]}  Qa6 {[%clk 0:01:53]} 15. Qc2 {[%clk 0:00:44]}  Nd3+ {[%clk 0:01:47]} 16. Kf1 {[%clk 0:00:44]}  Nxc1+ {[%clk 0:01:45]} 17. Nc4 {[%clk 0:00:44]}  b5 {[%clk 0:01:35]} 18. Ne3 {[%clk 0:00:33]}  b4+ {[%clk 0:01:31]} 19. Nc4 {[%clk 0:00:25]}  b3 {[%clk 0:01:26]} 20. Qxc1 {[%clk 0:00:25]}  b2 {[%clk 0:01:26]} 21. Qxb2 {[%clk 0:00:26]}  Qxc4+ {[%clk 0:01:25]} 22. Kg1 {[%clk 0:00:27]}  Rxa7 {[%clk 0:01:20]} 23. Rc1 {[%clk 0:00:23]}  Qa6 {[%clk 0:01:19]} 24. Rc6 {[%clk 0:00:18]}  Qb7 {[%clk 0:01:15]} 25. Rb6 {[%clk 0:00:19]}  Qd7 {[%clk 0:01:14]} 26. h3 {[%clk 0:00:11]}  Be7 {[%clk 0:01:13]} 27. Kh2 {[%clk 0:00:12]}  O-O {[%clk 0:01:12]} 28. Rc1 {[%clk 0:00:13]}  Ba6 {[%clk 0:01:11]} 29. Rcc6 {[%clk 0:00:11]}  h6 {[%clk 0:01:07]} 30. Rxa6 {[%clk 0:00:10]}  Rxa6 {[%clk 0:01:06]} 31. Rxa6 {[%clk 0:00:11]}  e4 {[%clk 0:01:06]} 32. Nd2 {[%clk 0:00:10]}  Bf6 {[%clk 0:01:06]} 33. Qb6 {[%clk 0:00:07]}  Be5+ {[%clk 0:01:06]} 34. g3 {[%clk 0:00:08]}  Qf5 {[%clk 0:01:05]} 35. Qe3 {[%clk 0:00:06]}  Qg6 {[%clk 0:01:02]} 36. Qxe4 {[%clk 0:00:05]}  f5 {[%clk 0:01:02]} 37. Qxe5 {[%clk 0:00:05]}  Qg5 {[%clk 0:00:53]} 38. Qe6+ {[%clk 0:00:05]}  Kh8 {[%clk 0:00:52]} 39. f4 {[%clk 0:00:05]}  Qh5 {[%clk 0:00:51]} 40. Nf1 {[%clk 0:00:04]}  Re8 {[%clk 0:00:51]} 41. Qxd6 {[%clk 0:00:04]}  Re2+ {[%clk 0:00:50]} 42. Kg1 {[%clk 0:00:05]}  Qf3 {[%clk 0:00:49]} 43. Qf8+ {[%clk 0:00:03]}  Kh7 {[%clk 0:00:47]} 44. Qxf5+ {[%clk 0:00:04]}  Kg8 {[%clk 0:00:32]} 45. Ra8+ {[%clk 0:00:04]} 1-0

[Event "April 9 Early 2024"]
[Site "Chess.com"]
[Date "2024.04.09"]
[Round "9"]
[White "Hrbek, Stepan"]
[Black "Kvaloy, Aksel Bu"]
[Result "1-0"]
[Board "85"]
[WhiteFideId "393479"]
[BlackFideId "1528815"]
[WhiteTitle "IM"]
[BlackTitle "IM"]
[WhiteElo "2510"]
[BlackElo "2634"]
[WhiteTeam "CZE"]
[BlackTeam "NOR"]
[WhiteClock "0:00:35"]
[BlackClock "0:02:08"]
[Variant "Standard"]

1. d4 {[%clk 0:03:00]}  Nf6 {[%clk 0:02:59]} 2. Nf3 {[%clk 0:03:01]}  e6 {[%clk 0:02:57]} 3. e3 {[%clk 0:03:01]}  c5 {[%clk 0:02:56]} 4. Be2 {[%clk 0:03:02]}  b6 {[%clk 0:02:55]} 5. O-O {[%clk 0:03:02]}  Bb7 {[%clk 0:02:56]} 6. c4 {[%clk 0:03:01]}  Be7 {[%clk 0:02:55]} 7. Nc3 {[%clk 0:02:55]}  O-O {[%clk 0:02:55]} 8. d5 {[%clk 0:02:56]}  a6 {[%clk 0:02:48]} 9. e4 {[%clk 0:02:52]}  d6 {[%clk 0:02:46]} 10. h3 {[%clk 0:02:42]}  e5 {[%clk 0:02:45]} 11. Be3 {[%clk 0:02:37]}  Bc8 {[%clk 0:02:42]} 12. Nd2 {[%clk 0:02:32]}  Ne8 {[%clk 0:02:39]} 13. a3 {[%clk 0:02:26]}  g6 {[%clk 0:02:38]} 14. f4 {[%clk 0:02:11]}  Nd7 {[%clk 0:02:35]} 15. Nf3 {[%clk 0:02:04]}  exf4 {[%clk 0:02:33]} 16. Bxf4 {[%clk 0:02:05]}  Bf6 {[%clk 0:02:33]} 17. Qd2 {[%clk 0:01:54]}  Qe7 {[%clk 0:02:32]} 18. Bd3 {[%clk 0:01:27]}  Ne5 {[%clk 0:02:30]} 19. Nxe5 {[%clk 0:01:28]}  Bxe5 {[%clk 0:02:30]} 20. Bxe5 {[%clk 0:01:29]}  Qxe5 {[%clk 0:02:31]} 21. b4 {[%clk 0:01:29]}  Ng7 {[%clk 0:02:28]} 22. bxc5 {[%clk 0:01:16]}  bxc5 {[%clk 0:02:26]} 23. Rab1 {[%clk 0:01:14]}  a5 {[%clk 0:02:19]} 24. Nb5 {[%clk 0:01:12]}  Ba6 {[%clk 0:02:18]} 25. Kh1 {[%clk 0:01:04]}  Bxb5 {[%clk 0:02:18]} 26. Rxb5 {[%clk 0:01:04]}  Rfb8 {[%clk 0:02:17]} 27. a4 {[%clk 0:00:45]}  Rxb5 {[%clk 0:02:13]} 28. axb5 {[%clk 0:00:46]}  a4 {[%clk 0:02:13]} 29. Qf4 {[%clk 0:00:34]}  a3 {[%clk 0:02:07]} 30. Qxf7+ {[%clk 0:00:33]}  Kh8 {[%clk 0:02:08]} 31. Qf8+ {[%clk 0:00:34]}  Rxf8 {[%clk 0:02:08]} 32. Rxf8# {[%clk 0:00:35]} 1-0

[Event "April 9 Early 2024"]
[Site "Chess.com"]
[Date "2024.04.09"]
[Round "9"]
[White "Guliev, Logman"]
[Black "Martic, Ivan"]
[Result "1-0"]
[Board "86"]
[WhiteFideId "13400061"]
[BlackFideId "929301"]
[WhiteTitle "IM"]
[BlackTitle "FM"]
[WhiteElo "2509"]
[BlackElo "2630"]
[WhiteTeam "AZE"]
[BlackTeam "SRB"]
[WhiteClock "0:00:13"]
[BlackClock "0:00:00"]
[Variant "Standard"]

1. e4 {[%clk 0:03:00]}  e5 {[%clk 0:02:57]} 2. Nf3 {[%clk 0:03:00]}  Nc6 {[%clk 0:02:57]} 3. Bb5 {[%clk 0:03:00]}  Nf6 {[%clk 0:02:56]} 4. d3 {[%clk 0:02:59]}  Bc5 {[%clk 0:02:55]} 5. Bxc6 {[%clk 0:02:57]}  dxc6 {[%clk 0:02:52]} 6. Nbd2 {[%clk 0:02:57]}  Nd7 {[%clk 0:02:50]} 7. Qe2 {[%clk 0:02:55]}  f6 {[%clk 0:02:45]} 8. Nc4 {[%clk 0:02:56]}  Qe7 {[%clk 0:02:45]} 9. Be3 {[%clk 0:02:55]}  Nf8 {[%clk 0:02:41]} 10. O-O-O {[%clk 0:02:55]}  Bxe3+ {[%clk 0:02:38]} 11. Nxe3 {[%clk 0:02:55]}  Be6 {[%clk 0:02:33]} 12. Kb1 {[%clk 0:02:54]}  O-O-O {[%clk 0:02:33]} 13. h4 {[%clk 0:02:47]}  h5 {[%clk 0:02:30]} 14. Nd2 {[%clk 0:02:44]}  Kb8 {[%clk 0:02:26]} 15. g3 {[%clk 0:02:44]}  Bf7 {[%clk 0:02:16]} 16. f4 {[%clk 0:02:44]}  Ne6 {[%clk 0:02:15]} 17. fxe5 {[%clk 0:02:35]}  Nd4 {[%clk 0:02:08]} 18. Qg2 {[%clk 0:02:18]}  Qxe5 {[%clk 0:02:01]} 19. Nb3 {[%clk 0:02:16]}  c5 {[%clk 0:01:57]} 20. Rhf1 {[%clk 0:02:14]}  b6 {[%clk 0:01:56]} 21. Nxd4 {[%clk 0:02:09]}  Rxd4 {[%clk 0:01:50]} 22. b3 {[%clk 0:02:00]}  Be6 {[%clk 0:01:39]} 23. Rf4 {[%clk 0:01:37]}  a5 {[%clk 0:01:36]} 24. Nf5 {[%clk 0:01:13]}  Rd7 {[%clk 0:01:32]} 25. a4 {[%clk 0:01:07]}  Rhd8 {[%clk 0:01:18]} 26. Qf2 {[%clk 0:01:05]}  Bxf5 {[%clk 0:01:07]} 27. Rxf5 {[%clk 0:01:05]}  Qc3 {[%clk 0:01:08]} 28. Qd2 {[%clk 0:00:52]}  Qxd2 {[%clk 0:00:54]} 29. Rxd2 {[%clk 0:00:52]}  Rh8 {[%clk 0:00:54]} 30. Rdf2 {[%clk 0:00:52]}  Re7 {[%clk 0:00:53]} 31. Kb2 {[%clk 0:00:51]}  Kc8 {[%clk 0:00:52]} 32. Kc3 {[%clk 0:00:51]}  Kd7 {[%clk 0:00:53]} 33. Kc4 {[%clk 0:00:52]}  Ke6 {[%clk 0:00:53]} 34. Kb5 {[%clk 0:00:51]}  Kd6 {[%clk 0:00:46]} 35. Rd5+ {[%clk 0:00:48]}  Ke6 {[%clk 0:00:45]} 36. Kc6 {[%clk 0:00:45]}  Rb8 {[%clk 0:00:41]} 37. Rxh5 {[%clk 0:00:41]}  Rd7 {[%clk 0:00:32]} 38. Rd5 {[%clk 0:00:39]}  Re7 {[%clk 0:00:29]} 39. Rff5 {[%clk 0:00:36]}  b5 {[%clk 0:00:28]} 40. axb5 {[%clk 0:00:34]}  a4 {[%clk 0:00:23]} 41. bxa4 {[%clk 0:00:32]}  Ra8 {[%clk 0:00:23]} 42. Rxc5 {[%clk 0:00:28]}  Rxa4 {[%clk 0:00:23]} 43. Rc4 {[%clk 0:00:25]}  Ra1 {[%clk 0:00:19]} 44. Kb7 {[%clk 0:00:23]}  c5+ {[%clk 0:00:15]} 45. Kc6 {[%clk 0:00:21]}  Rb1 {[%clk 0:00:11]} 46. Rfxc5 {[%clk 0:00:20]}  Ra1 {[%clk 0:00:10]} 47. b6 {[%clk 0:00:20]}  Ra8 {[%clk 0:00:09]} 48. b7 {[%clk 0:00:20]}  Rb8 {[%clk 0:00:07]} 49. Rb5 {[%clk 0:00:20]}  Rd7 {[%clk 0:00:07]} 50. Ra4 {[%clk 0:00:19]}  Rd6+ {[%clk 0:00:05]} 51. Kc7 {[%clk 0:00:19]}  Rbd8 {[%clk 0:00:03]} 52. b8=Q {[%clk 0:00:16]}  R8d7+ {[%clk 0:00:04]} 53. Kc8 {[%clk 0:00:16]}  Rc6+ {[%clk 0:00:04]} 54. Qc7 {[%clk 0:00:13]}  Rcxc7+ {[%clk 0:00:03]} 55. Kb8 {[%clk 0:00:13]}  Rf7 {[%clk 0:00:02]} 56. Ra6+ {[%clk 0:00:13]}  Kd7 {[%clk 0:00:00]} 57. Rb7 {[%clk 0:00:13]} 1-0

[Event "April 9 Early 2024"]
[Site "Chess.com"]
[Date "2024.04.09"]
[Round "9"]
[White "Bravo De La Vega, Alvaro"]
[Black "Tulchynskyi, Feliks"]
[Result "1-0"]
[Board "89"]
[WhiteFideId "24570672"]
[BlackFideId "34127895"]
[WhiteTitle "CM"]
[BlackTitle "FM"]
[WhiteElo "2439"]
[BlackElo "2611"]
[WhiteTeam "ESP"]
[BlackTeam "UKR"]
[WhiteClock "0:00:09"]
[BlackClock "0:00:10"]
[Variant "Standard"]

1. Nf3 {[%clk 0:03:00]}  Nf6 {[%clk 0:02:48]} 2. g3 {[%clk 0:03:00]}  g6 {[%clk 0:02:48]} 3. b3 {[%clk 0:03:00]}  Bg7 {[%clk 0:02:49]} 4. Bb2 {[%clk 0:03:01]}  O-O {[%clk 0:02:50]} 5. Bg2 {[%clk 0:03:01]}  d6 {[%clk 0:02:49]} 6. d4 {[%clk 0:03:01]}  Nbd7 {[%clk 0:02:46]} 7. O-O {[%clk 0:03:01]}  c5 {[%clk 0:02:47]} 8. c4 {[%clk 0:02:56]}  cxd4 {[%clk 0:02:42]} 9. Nxd4 {[%clk 0:02:57]}  Ne8 {[%clk 0:02:41]} 10. Nc3 {[%clk 0:02:51]}  Nc7 {[%clk 0:02:39]} 11. Qd2 {[%clk 0:02:43]}  a6 {[%clk 0:02:36]} 12. e3 {[%clk 0:02:35]}  Re8 {[%clk 0:02:27]} 13. Rfd1 {[%clk 0:02:35]}  Nf8 {[%clk 0:02:23]} 14. Rac1 {[%clk 0:02:27]}  Rb8 {[%clk 0:02:17]} 15. h4 {[%clk 0:02:20]}  h5 {[%clk 0:02:16]} 16. Ne4 {[%clk 0:02:08]}  Nfe6 {[%clk 0:02:13]} 17. Nxe6 {[%clk 0:02:05]}  Bxe6 {[%clk 0:02:10]} 18. Bxg7 {[%clk 0:02:04]}  Kxg7 {[%clk 0:02:11]} 19. Qd4+ {[%clk 0:02:02]}  Kg8 {[%clk 0:02:07]} 20. a4 {[%clk 0:01:56]}  b5 {[%clk 0:02:04]} 21. axb5 {[%clk 0:01:45]}  axb5 {[%clk 0:02:05]} 22. Ng5 {[%clk 0:01:31]}  bxc4 {[%clk 0:02:01]} 23. bxc4 {[%clk 0:01:31]}  Bd7 {[%clk 0:01:51]} 24. c5 {[%clk 0:01:25]}  Nb5 {[%clk 0:01:50]} 25. Qf4 {[%clk 0:01:22]}  f6 {[%clk 0:01:48]} 26. Qc4+ {[%clk 0:01:17]}  e6 {[%clk 0:01:39]} 27. c6 {[%clk 0:00:54]}  Bc8 {[%clk 0:01:27]} 28. Ne4 {[%clk 0:00:48]}  d5 {[%clk 0:01:22]} 29. Qc2 {[%clk 0:00:41]}  Nc7 {[%clk 0:01:05]} 30. Nd6 {[%clk 0:00:15]}  Re7 {[%clk 0:00:53]} 31. Nxc8 {[%clk 0:00:13]}  Rxc8 {[%clk 0:00:52]} 32. Qxg6+ {[%clk 0:00:14]}  Rg7 {[%clk 0:00:53]} 33. Qxh5 {[%clk 0:00:14]}  f5 {[%clk 0:00:51]} 34. Qh6 {[%clk 0:00:13]}  Rh7 {[%clk 0:00:49]} 35. Qg6+ {[%clk 0:00:13]}  Rg7 {[%clk 0:00:49]} 36. Qh6 {[%clk 0:00:14]}  Qd6 {[%clk 0:00:47]} 37. h5 {[%clk 0:00:12]}  Kf7 {[%clk 0:00:46]} 38. e4 {[%clk 0:00:10]}  fxe4 {[%clk 0:00:39]} 39. Bxe4 {[%clk 0:00:10]}  Rf8 {[%clk 0:00:34]} 40. Bg6+ {[%clk 0:00:10]}  Kg8 {[%clk 0:00:34]} 41. Qg5 {[%clk 0:00:07]}  Qe7 {[%clk 0:00:29]} 42. Qxe7 {[%clk 0:00:07]}  Rxe7 {[%clk 0:00:30]} 43. f4 {[%clk 0:00:06]}  Kg7 {[%clk 0:00:30]} 44. Re1 {[%clk 0:00:06]}  Kf6 {[%clk 0:00:30]} 45. Kf2 {[%clk 0:00:06]}  Rb8 {[%clk 0:00:31]} 46. Rc2 {[%clk 0:00:06]}  Rb6 {[%clk 0:00:30]} 47. Bd3 {[%clk 0:00:06]}  Re8 {[%clk 0:00:29]} 48. g4 {[%clk 0:00:07]}  Rf8 {[%clk 0:00:27]} 49. g5+ {[%clk 0:00:07]}  Ke7 {[%clk 0:00:28]} 50. Kg3 {[%clk 0:00:08]}  Kd6 {[%clk 0:00:27]} 51. h6 {[%clk 0:00:07]}  Rb3 {[%clk 0:00:27]} 52. Re3 {[%clk 0:00:06]}  d4 {[%clk 0:00:28]} 53. Rf3 {[%clk 0:00:07]}  Nd5 {[%clk 0:00:25]} 54. g6 {[%clk 0:00:06]}  Nxf4 {[%clk 0:00:11]} 55. Rxf4 {[%clk 0:00:06]}  Rxd3+ {[%clk 0:00:12]} 56. Kg4 {[%clk 0:00:07]}  Rg8 {[%clk 0:00:09]} 57. g7 {[%clk 0:00:07]}  Rd1 {[%clk 0:00:09]} 58. c7 {[%clk 0:00:07]}  Rg1+ {[%clk 0:00:09]} 59. Kf3 {[%clk 0:00:07]}  Kd7 {[%clk 0:00:08]} 60. h7 {[%clk 0:00:07]}  Rc8 {[%clk 0:00:08]} 61. h8=Q {[%clk 0:00:07]}  Rf1+ {[%clk 0:00:09]} 62. Kg3 {[%clk 0:00:07]}  Rg1+ {[%clk 0:00:09]} 63. Kf2 {[%clk 0:00:08]}  Rxg7 {[%clk 0:00:09]} 64. Qxg7+ {[%clk 0:00:08]}  Kd6 {[%clk 0:00:09]} 65. Qxd4+ {[%clk 0:00:08]}  Ke7 {[%clk 0:00:10]} 66. Qg7+ {[%clk 0:00:09]}  Ke8 {[%clk 0:00:10]} 67. Rf8# {[%clk 0:00:09]} 1-0

[Event "April 9 Early 2024"]
[Site "Chess.com"]
[Date "2024.04.09"]
[Round "9"]
[White "Danielyan, Vahe"]
[Black "Toktomushev, Teimur"]
[Result "1-0"]
[Board "97"]
[WhiteFideId "13304828"]
[BlackFideId "14176726"]
[WhiteTitle "IM"]
[BlackTitle "FM"]
[WhiteElo "2636"]
[BlackElo "2523"]
[WhiteTeam "ARM"]
[BlackTeam "SUI"]
[WhiteClock "0:01:15"]
[BlackClock "0:00:00"]
[Variant "Standard"]

1. d4 {[%clk 0:03:00]}  d5 {[%clk 0:02:44]} 2. c4 {[%clk 0:03:00]}  e6 {[%clk 0:02:44]} 3. Nf3 {[%clk 0:03:00]}  Nf6 {[%clk 0:02:44]} 4. Nc3 {[%clk 0:02:59]}  Be7 {[%clk 0:02:45]} 5. Bf4 {[%clk 0:02:57]}  O-O {[%clk 0:02:44]} 6. e3 {[%clk 0:02:58]}  b6 {[%clk 0:02:41]} 7. Bd3 {[%clk 0:02:56]}  dxc4 {[%clk 0:02:36]} 8. Bxc4 {[%clk 0:02:57]}  Ba6 {[%clk 0:02:35]} 9. Bxa6 {[%clk 0:02:56]}  Nxa6 {[%clk 0:02:36]} 10. Qa4 {[%clk 0:02:56]}  Nb4 {[%clk 0:02:33]} 11. O-O {[%clk 0:02:53]}  Nbd5 {[%clk 0:02:22]} 12. Nxd5 {[%clk 0:02:50]}  Nxd5 {[%clk 0:02:23]} 13. Bg3 {[%clk 0:02:50]}  Qe8 {[%clk 0:02:05]} 14. Qa6 {[%clk 0:02:35]}  Qc8 {[%clk 0:01:48]} 15. Qe2 {[%clk 0:02:33]}  c5 {[%clk 0:01:41]} 16. Rac1 {[%clk 0:02:33]}  Qb7 {[%clk 0:01:36]} 17. a3 {[%clk 0:02:31]}  Rac8 {[%clk 0:01:34]} 18. dxc5 {[%clk 0:02:28]}  Bxc5 {[%clk 0:01:33]} 19. Rfd1 {[%clk 0:02:27]}  h6 {[%clk 0:01:30]} 20. h3 {[%clk 0:02:25]}  Be7 {[%clk 0:00:58]} 21. Ne5 {[%clk 0:02:19]}  Rxc1 {[%clk 0:00:48]} 22. Rxc1 {[%clk 0:02:17]}  Rc8 {[%clk 0:00:48]} 23. Rd1 {[%clk 0:02:16]}  Nf6 {[%clk 0:00:29]} 24. Bh4 {[%clk 0:02:14]}  Qe4 {[%clk 0:00:09]} 25. Bxf6 {[%clk 0:02:07]}  Bxf6 {[%clk 0:00:10]} 26. Ng4 {[%clk 0:02:07]}  Be7 {[%clk 0:00:05]} 27. Rd7 {[%clk 0:02:04]}  Bf8 {[%clk 0:00:02]} 28. f3 {[%clk 0:02:01]}  Qb1+ {[%clk 0:00:02]} 29. Kh2 {[%clk 0:02:01]}  h5 {[%clk 0:00:02]} 30. Ne5 {[%clk 0:01:56]}  Qf5 {[%clk 0:00:02]} 31. f4 {[%clk 0:01:56]}  f6 {[%clk 0:00:01]} 32. Qa6 {[%clk 0:01:54]}  fxe5 {[%clk 0:00:01]} 33. Qxc8 {[%clk 0:01:53]}  exf4 {[%clk 0:00:02]} 34. Qc1 {[%clk 0:01:33]}  f3 {[%clk 0:00:02]} 35. gxf3 {[%clk 0:01:33]}  Qxf3 {[%clk 0:00:03]} 36. Qg1 {[%clk 0:01:32]}  Qe2+ {[%clk 0:00:02]} 37. Kg3 {[%clk 0:01:30]}  Qxb2 {[%clk 0:00:02]} 38. Qf2 {[%clk 0:01:30]}  Qe5+ {[%clk 0:00:02]} 39. Qf4 {[%clk 0:01:30]}  Qxf4+ {[%clk 0:00:01]} 40. Kxf4 {[%clk 0:01:30]}  Bxa3 {[%clk 0:00:02]} 41. Rxa7 {[%clk 0:01:30]}  Bc5 {[%clk 0:00:02]} 42. e4 {[%clk 0:01:30]}  Bd4 {[%clk 0:00:02]} 43. Kg5 {[%clk 0:01:29]}  Kh7 {[%clk 0:00:02]} 44. Rb7 {[%clk 0:01:28]}  e5 {[%clk 0:00:02]} 45. Kxh5 {[%clk 0:01:27]}  Bc5 {[%clk 0:00:01]} 46. Kg5 {[%clk 0:01:27]}  Bd4 {[%clk 0:00:02]} 47. Kf5 {[%clk 0:01:27]}  Kh6 {[%clk 0:00:01]} 48. h4 {[%clk 0:01:27]}  g6+ {[%clk 0:00:01]} 49. Kg4 {[%clk 0:01:27]}  Bc5 {[%clk 0:00:01]} 50. Rc7 {[%clk 0:01:26]}  Bd4 {[%clk 0:00:02]} 51. Rc6 {[%clk 0:01:26]}  Bc5 {[%clk 0:00:02]} 52. h5 {[%clk 0:01:27]}  Kh7 {[%clk 0:00:01]} 53. Rxg6 {[%clk 0:01:26]}  Bd4 {[%clk 0:00:01]} 54. Rc6 {[%clk 0:01:25]}  Bc5 {[%clk 0:00:01]} 55. Kg5 {[%clk 0:01:24]}  Be3+ {[%clk 0:00:01]} 56. Kf5 {[%clk 0:01:24]}  Bd4 {[%clk 0:00:02]} 57. Rd6 {[%clk 0:01:16]}  Bc5 {[%clk 0:00:01]} 58. Rd7+ {[%clk 0:01:15]}  Kh6 {[%clk 0:00:02]} 59. Kxe5 {[%clk 0:01:16]}  Kxh5 {[%clk 0:00:02]} 60. Kf5 {[%clk 0:01:14]}  Kh6 {[%clk 0:00:02]} 61. e5 {[%clk 0:01:15]}  b5 {[%clk 0:00:02]} 62. e6 {[%clk 0:01:15]}  b4 {[%clk 0:00:00]} 63. Rb7 {[%clk 0:01:15]} 1-0

[Event "April 9 Early 2024"]
[Site "Chess.com"]
[Date "2024.04.09"]
[Round "9"]
[White "Jovic, Stanoje"]
[Black "Tan, Jun Ying"]
[Result "1-0"]
[Board "99"]
[WhiteFideId "905020"]
[BlackFideId "5710413"]
[WhiteTitle "FM"]
[BlackTitle "CM"]
[WhiteElo "2518"]
[BlackElo "2632"]
[WhiteTeam "SRB"]
[BlackTeam "MAS"]
[WhiteClock "0:00:34"]
[BlackClock "0:00:03"]
[Variant "Standard"]

1. c4 {[%clk 0:03:00]}  e5 {[%clk 0:02:58]} 2. g3 {[%clk 0:03:00]}  Nc6 {[%clk 0:02:58]} 3. Bg2 {[%clk 0:03:00]}  g6 {[%clk 0:02:58]} 4. Nc3 {[%clk 0:02:58]}  Bg7 {[%clk 0:02:58]} 5. Nf3 {[%clk 0:02:58]}  Nge7 {[%clk 0:02:58]} 6. O-O {[%clk 0:02:58]}  d6 {[%clk 0:02:55]} 7. d3 {[%clk 0:02:57]}  O-O {[%clk 0:02:55]} 8. Rb1 {[%clk 0:02:57]}  f5 {[%clk 0:02:53]} 9. Bg5 {[%clk 0:02:57]}  h6 {[%clk 0:02:52]} 10. Bxe7 {[%clk 0:02:56]}  Nxe7 {[%clk 0:02:49]} 11. Qc2 {[%clk 0:02:52]}  g5 {[%clk 0:02:48]} 12. b4 {[%clk 0:02:51]}  f4 {[%clk 0:02:45]} 13. Rfd1 {[%clk 0:02:42]}  Nf5 {[%clk 0:02:16]} 14. b5 {[%clk 0:02:11]}  g4 {[%clk 0:02:08]} 15. Ne1 {[%clk 0:02:10]}  Nd4 {[%clk 0:02:06]} 16. Qd2 {[%clk 0:02:01]}  f3 {[%clk 0:01:20]} 17. exf3 {[%clk 0:01:57]}  gxf3 {[%clk 0:01:21]} 18. Bf1 {[%clk 0:01:53]}  Bf6 {[%clk 0:01:17]} 19. Ne4 {[%clk 0:01:49]}  Bg5 {[%clk 0:01:08]} 20. Nxg5 {[%clk 0:01:48]}  Qxg5 {[%clk 0:01:07]} 21. Nc2 {[%clk 0:01:33]}  Qh5 {[%clk 0:00:49]} 22. Nxd4 {[%clk 0:01:22]}  exd4 {[%clk 0:00:47]} 23. h4 {[%clk 0:01:19]}  Bg4 {[%clk 0:00:40]} 24. Re1 {[%clk 0:01:18]}  Rae8 {[%clk 0:00:33]} 25. Rxe8 {[%clk 0:01:17]}  Rxe8 {[%clk 0:00:33]} 26. Re1 {[%clk 0:01:14]}  Rxe1 {[%clk 0:00:31]} 27. Qxe1 {[%clk 0:01:13]}  Qe5 {[%clk 0:00:32]} 28. Qd2 {[%clk 0:01:09]}  Kg7 {[%clk 0:00:33]} 29. Qa5 {[%clk 0:01:02]}  Qc5 {[%clk 0:00:23]} 30. Qd2 {[%clk 0:00:55]}  Qe5 {[%clk 0:00:10]} 31. Kh2 {[%clk 0:00:53]}  a6 {[%clk 0:00:09]} 32. a4 {[%clk 0:00:49]}  axb5 {[%clk 0:00:08]} 33. axb5 {[%clk 0:00:44]}  Kg6 {[%clk 0:00:06]} 34. Qa5 {[%clk 0:00:37]}  Qd5 {[%clk 0:00:03]} 35. cxd5 {[%clk 0:00:34]} 1-0

[Event "April 9 Early 2024"]
[Site "Chess.com"]
[Date "2024.04.09"]
[Round "9"]
[White "Zhu, Jiner"]
[Black "Diaz Herquinio, Brahian"]
[Result "1-0"]
[Board "102"]
[WhiteFideId "8608059"]
[BlackFideId "3809480"]
[WhiteTitle "GM"]
[BlackTitle "CM"]
[WhiteElo "2620"]
[BlackElo "2513"]
[WhiteTeam "CHN"]
[BlackTeam "PER"]
[WhiteClock "0:01:18"]
[BlackClock "0:00:00"]
[Variant "Standard"]

1. c4 {[%clk 0:03:00]}  e6 {[%clk 0:03:00]} 2. Nf3 {[%clk 0:03:00]}  d5 {[%clk 0:03:00]} 3. e3 {[%clk 0:03:00]}  Nf6 {[%clk 0:03:00]} 4. b3 {[%clk 0:03:00]}  Be7 {[%clk 0:03:01]} 5. Bb2 {[%clk 0:03:00]}  O-O {[%clk 0:03:02]} 6. Be2 {[%clk 0:03:00]}  c5 {[%clk 0:03:02]} 7. cxd5 {[%clk 0:03:00]}  Nxd5 {[%clk 0:03:02]} 8. Nc3 {[%clk 0:02:56]}  Nc6 {[%clk 0:03:00]} 9. O-O {[%clk 0:02:55]}  b6 {[%clk 0:02:59]} 10. Rc1 {[%clk 0:02:55]}  Bb7 {[%clk 0:02:58]} 11. Qc2 {[%clk 0:02:54]}  Rc8 {[%clk 0:02:56]} 12. Qb1 {[%clk 0:02:53]}  Nxc3 {[%clk 0:02:35]} 13. Bxc3 {[%clk 0:02:50]}  Bf6 {[%clk 0:02:36]} 14. Rfd1 {[%clk 0:02:49]}  Bxc3 {[%clk 0:02:33]} 15. Rxc3 {[%clk 0:02:49]}  Qf6 {[%clk 0:02:33]} 16. a3 {[%clk 0:02:39]}  Rfd8 {[%clk 0:02:32]} 17. b4 {[%clk 0:02:36]}  cxb4 {[%clk 0:02:26]} 18. axb4 {[%clk 0:02:37]}  Ne7 {[%clk 0:02:22]} 19. Rxc8 {[%clk 0:02:30]}  Rxc8 {[%clk 0:02:21]} 20. Qa2 {[%clk 0:02:26]}  Nc6 {[%clk 0:01:46]} 21. b5 {[%clk 0:02:25]}  Na5 {[%clk 0:01:46]} 22. d4 {[%clk 0:02:25]}  Bd5 {[%clk 0:01:45]} 23. Qa3 {[%clk 0:02:22]}  h5 {[%clk 0:01:39]} 24. h3 {[%clk 0:02:22]}  Rc2 {[%clk 0:01:29]} 25. Rd2 {[%clk 0:02:09]}  Nc4 {[%clk 0:01:06]} 26. Bxc4 {[%clk 0:02:02]}  Rxc4 {[%clk 0:01:07]} 27. Ne5 {[%clk 0:01:52]}  Rc7 {[%clk 0:00:49]} 28. Re2 {[%clk 0:01:43]}  Qg5 {[%clk 0:00:22]} 29. e4 {[%clk 0:01:39]}  Ba8 {[%clk 0:00:08]} 30. Re1 {[%clk 0:01:37]}  f6 {[%clk 0:00:06]} 31. Qd6 {[%clk 0:01:30]}  Rc1 {[%clk 0:00:05]} 32. Qxe6+ {[%clk 0:01:30]}  Kh7 {[%clk 0:00:05]} 33. Nf3 {[%clk 0:01:30]}  Rxe1+ {[%clk 0:00:04]} 34. Nxe1 {[%clk 0:01:31]}  Qxb5 {[%clk 0:00:04]} 35. d5 {[%clk 0:01:29]}  Bb7 {[%clk 0:00:04]} 36. Nf3 {[%clk 0:01:24]}  Ba6 {[%clk 0:00:03]} 37. Kh2 {[%clk 0:01:21]}  Qe2 {[%clk 0:00:03]} 38. Qf5+ {[%clk 0:01:21]}  Kh6 {[%clk 0:00:00]} 39. Nh4 {[%clk 0:01:18]} 1-0